| 000 | 00646nam a2200205 a 4500 | ||
|---|---|---|---|
| 001 | 000042897 | ||
| 005 | 20201002040500.0 | ||
| 008 | 140212s1991 sp 000 0 spa d | ||
| 020 | _a8420480835 | ||
| 040 |
_aDO-SdBNP _bspa _cBNPHU |
||
| 082 |
_axxx _bS254c |
||
| 100 | 1 |
_aSatué, Francisco J., _d1961- _970344 |
|
| 245 | 1 | 3 |
_aLa Carne / _cFrancisco J. Satué. |
| 260 |
_aMadrid : _bAltea, Taurus, Alfaguara, _c1991. |
||
| 300 |
_a328 p. ; _c22 cm. |
||
| 300 |
_a238 p. ; _c22 cm. |
||
| 490 | 1 |
_aAlfaguara hispánica _v80 |
|
| 500 | _aIncluye datos biográficos del autor en la solapa de la cubierta | ||
| 830 | 0 |
_aAlfaguara hispánica _n80 _970345 |
|
| 999 |
_c42386 _d42386 |
||